000 00450nam a22001577a 4500
005 20251219095457.0
008 251219b |||||||| |||| 00| 0 eng d
020 _a978-93-89211-11-5
100 _aSALA. ARYA VAIDYA
245 _aINDIAN MEDICINAL PLANTS
_bA COMPENDIUM OF 500 SPECIES
260 _aTELANGANA, INDIA
_bUNIVERSITIES PRESS
_c2010
300 _aXIV, 444P.
500 _aINCLUDES INDEX
650 _aMEDICINAL PLANTS
942 _2lcc
_cBK
999 _c216367
_d216367